00990 a2200193 4500003000500000005001700005040000900022082001600031100002500047245006500072250001200137260004600149300000900195505038000204650005600584942001200640999001900652952012500671Nust20230118153124.0 cNust a657.834,WHI aJohn A. White913195 aPrinciples of engineering economic analysis /cJohn A. White a3rd ed. aIslamabadbNational book foundationc1962 a588p aIntroduction (Page-1), Cost Concepts (Page-25), Time Value of Money Operations (Page-67), Measuring the Worth of Investments (Page-147), Comparison of Alternatives (Page-176), Depreciation and Income Tax Considerations (Page-261), Economic Analysis of Projects in the Public Sector (Page-331), Break Even Sensitivity and Risk Analysis (Page-371), Decision Models (Page-417).  aPrinciples of engineering economic analysis9107025 2ddccBK c184990d184990 00102ddc4070aMCSbMCScGENd2016-12-12o657.834,WHIpMCS26103r2016-12-08w2016-12-12yBKzAlmirah No.42, Shelf No.4